00497cam a22001692 4500001001100000005001700011008004100028040001500069110007100084245004400155250001900199260002600218300002000244500002400264650003600288852000300324000001322220151217152124.0090706s xx 000 0 eng d aKABUcKABU2 aInternational Community of Women Living with HIV/AIDS.@000017037712aA Positive woman's survival kit /cICW. a1stLondon ed. aLondon :bICW,c1999. a46 p. ;c cm. aWith 9 Fact Sheets. 0aHIV-positive women.@00001703781